|
|
|
|
| LEADER |
00000naa2a2200000 4500 |
| 001 |
229165 |
| 005 |
20231031202035.0 |
| 035 |
|
|
|a (RuTPU)RU\TPU\book\249720
|
| 090 |
|
|
|a 229165
|
| 100 |
|
|
|a 20121226d2004 k y0rusy50 ca
|
| 101 |
0 |
|
|a rus
|
| 102 |
|
|
|a RU
|
| 200 |
1 |
|
|a О балансе энергии потоков в вихревых камерах
|f М. В. Василевский, Е. Г. Зыков
|
| 320 |
|
|
|a Библиогр.: 5 назв.
|
| 463 |
|
0 |
|0 (RuTPU)RU\TPU\book\89808
|y 5-7511-1605-4
|t Фундаментальные и прикладные проблемы современной механики
|o доклады IV Всероссийской научной конференции, Томск, 5-7 октября 2004 г.
|f Российский фонд фундаментальных исследований; Российская академия ракетных и артиллерийских наук; Томский государственный университет; Научно-исследовательский институт прикладной математики и механики при Томском университете
|v С. 287-288
|d 2004
|p 437 с.
|
| 610 |
1 |
|
|a потоки
|
| 610 |
1 |
|
|a баланс
|
| 610 |
1 |
|
|a энергия
|
| 610 |
1 |
|
|a вихревые камеры
|
| 610 |
1 |
|
|a скорости
|
| 610 |
1 |
|
|a аппроксимация
|
| 610 |
1 |
|
|a формулы
|
| 610 |
1 |
|
|a давление
|
| 610 |
1 |
|
|a сечение
|
| 610 |
1 |
|
|a труды учёных ТПУ
|
| 700 |
|
1 |
|a Василевский
|b М. В.
|c специалист в области экологии и безопасности жизнедеятельности
|c доцент Томского политехнического университета, кандидат технических наук
|f 1940-
|g Михаил Викторович
|2 stltpush
|3 (RuTPU)RU\TPU\pers\26189
|
| 701 |
|
1 |
|a Зыков
|b Е. Г.
|
| 801 |
|
1 |
|a RU
|b 63413507
|c 20121226
|
| 942 |
|
|
|c BK
|